[Event "Bymesterskapet i Tromsø 2025"]
[Site "Tromsø Sjakklubb"]
[Date "2025.02.23"]
[Round "7"]
[White "Halvorsen, Benjamin"]
[Black "Remman, Frank"]
[Result "1-0"]
[WhiteElo "1916"]
[BlackElo "1870"]
[PlyCount "137"]
[EventDate "2025.??.??"]

1. e4 c5 2. Nf3 e6 3. g3 Nc6 4. Bg2 d6 5. O-O Nf6 6. Re1 Be7 7. c3 Bd7 8. d4
O-O 9. Na3 Qc7 10. d5 Nd8 11. c4 a6 12. b3 exd5 13. cxd5 Bg4 14. Qd3 Nd7 15.
Nd2 Bf6 16. Rb1 Ne5 17. Qc2 Ng6 18. f4 Bd7 19. Nf3 Rc8 20. Nc4 b5 21. Ne3 Re8
22. h3 Nb7 23. Ng4 Be7 24. Bb2 h5 25. Qc3 f6 26. Ne3 Bf8 27. Qc2 Nh8 28. Nh4
Nd8 29. Qe2 c4 30. bxc4 bxc4 31. Bc3 Qc5 32. Kh2 Ndf7 33. Qxh5 Rb8 34. Ng4 Bxg4
35. Qxg4 Nh6 36. Qe2 Rxb1 37. Rxb1 Qxd5 38. Qc2 Qc5 39. Bb4 Qc7 40. Rc1 Rc8 41.
Bf1 a5 42. Ba3 c3 43. Ba6 Ra8 44. Qb3+ Kh7 45. Bd3 Qa7 46. e5+ f5 47. exd6 N8f7
48. Qc2 g6 49. Qg2 Rc8 50. Qd5 Qd7 51. Bb5 Qd8 52. d7 Rb8 53. Bxf8 Qxf8 54.
Rxc3 Qb4 55. Rb3 Qe1 56. Qg2 Ng8 57. Nf3 Qe7 58. Qd2 Nd6 59. Ng5+ Kh6 60. Qxd6
Qe1 61. Qc6 Nf6 62. Nf7+ Kg7 63. d8=Q Rxd8 64. Nxd8 Qd2+ 65. Qg2 Qxd8 66. Qb2
Kh7 67. Rd3 Qb6 68. a4 Ne4 69. Rd7+ 1-0